Central Library OPAC University of Rajshahi

Coleridge's poetry and prose : (Record no. 56102)

MARC details
000 -LEADER
fixed length control field 00953nam a2200265 a 4500
001 - CONTROL NUMBER
control field 56102
003 - CONTROL NUMBER IDENTIFIER
rucl marc code BD-RjUL
005 - DATE AND TIME OF LATEST TRANSACTION
control field 20211209080343.0
008 - FIXED-LENGTH DATA ELEMENTS--GENERAL INFORMATION
fixed length control field 161126s2004 nyua b 001 0 eng
020 ## - INTERNATIONAL STANDARD BOOK NUMBER
International Standard Book Number 0393979040 (pbk.)
035 ## - SYSTEM CONTROL NUMBER
System control number (BD-RjUL)56226
040 ## - CATALOGING SOURCE
Original cataloging agency DLC
Transcribing agency DLC
Modifying agency BD-RjUL
Language of cataloging eng
041 ## - LANGUAGE CODE
Language code of text/sound track or separate title eng
082 00 - DEWEY DECIMAL CLASSIFICATION NUMBER
Classification number 821.7
Edition number 23
Author mark and year COL 2004
245 01 - TITLE STATEMENT
Title Coleridge's poetry and prose :
Remainder of title authoritative texts, criticism /
Statement of responsibility, etc. selected and edited by Nicholas Halmi, Paul Magnuson, Raimonda Modiano.
260 ## - PUBLICATION, DISTRIBUTION, ETC. (IMPRINT)
Place of publication, distribution, etc. New York :
Name of publisher, distributor, etc. W. W. Norton,
Date of publication, distribution, etc. c2004.
300 ## - PHYSICAL DESCRIPTION
Pagination xxxi, 796 p. :
Illustrations ill. ;
Size 24 cm.
504 ## - BIBLIOGRAPHY, ETC. NOTE
Bibliography, etc Includes bibliographical references (p. 785-796) and index.
600 10 - SUBJECT ADDED ENTRY--PERSONAL NAME
Personal name Coleridge, Samuel Taylor,
Dates associated with a name 1772-1834
General subdivision Criticism and interpretation.
700 1# - ADDED ENTRY--PERSONAL NAME
Personal name Halmi, Nicholas.
Personal name Magnuson, Paul.
Personal name Modiano, Raimonda.
942 ## - ADDED ENTRY ELEMENTS (KOHA)
Source of classification or shelving scheme Dewey Decimal Classification
Koha item type Books
Holdings
Lost status Source of classification or shelving scheme Damaged status Not for loan Collection code Permanent Location Current Location Shelving location Date acquired Source of acquisition Cost, normal purchase price Total Checkouts Full call number Date last seen Copy number Koha item type
  Dewey Decimal Classification     Non-fiction Central Library, University of Rajshahi Central Library, University of Rajshahi   09/03/2008 dhaka, paragon Enterprice ltd. 225.00   821.7 COL 2004 26/11/2016 C-2 Books
  Dewey Decimal Classification   Not For Loan Non-fiction Central Library, University of Rajshahi Central Library, University of Rajshahi Reading Room 09/03/2008 Paragogn Enterprise, Dhaka 225.00   821.7 COL 2004 25/01/2017 C-1 Books
  Dewey Decimal Classification     Non-fiction Central Library, University of Rajshahi Central Library, University of Rajshahi   09/03/2008 Paragon Interprise , Dhaka. 225.00   821.7 COL 2004 09/03/2020 C-4 Books